Stretnutie s predstaviteľmi umeleckých zväzov

Podrobná bibliografia
Médium: Článok
Jazyk:slovenčina
Predmet:

MARC

LEADER 00000nab a2200000 a 4500
001 vtls000069726
003 SK-MaSNL
005 20260303192342.0
008 131029c1980 xo 0 slo
015 |a SNBRB19rr/mm-uuuuu 
035 |a CL0079826 
040 |a SNKBUCL  |b slo  |c SNKBUCL  |e AACR2 
041 0 |a slo 
044 |a xo  |c SK 
080 |a 82:061:885.0+885.4:885.4:061  |2 1981 
080 |a 061  |2 1981 
080 |a 885.0  |2 1981 
080 |a 885.4  |2 1981 
245 0 0 |a Stretnutie s predstaviteľmi umeleckých zväzov 
610 2 7 |a Zväz československých spisovateľov  |2 snkbucl  |9 166226 
650 0 7 |a umelecké zväzy  |2 snkbucl  |9 1222746 
655 7 |a články z novín a časopisov  |2 snkbucl  |9 267496 
655 7 |a články z odboru literárna veda a krásna literatúra  |2 snkbucl  |9 770045 
773 0 |t Slovenské pohľady  |g Roč. 96, č. 9 (1980), s. 158 
850 |a Slovenská národná knižnica v Martine  |a MTA001 
852 |a SNK  |b KIS3GCP 
954 |a odborná, vedecká literatúra pôvodná (slovenská)  |2 lita 
958 |a RK 
958 |a LX 
992 |a RBX 
999 |c 2145679  |d 2147609